Daily Capital City Riddle #179 - Statistics

General Stats
  • This quiz has been taken 13 times
  • The average score is 30 of 36
Answer Stats
Type Answer % Correct
Alphabet Letter A
100%
Alphabet Letter C
100%
Alphabet Letter E
100%
Found Letter G
100%
Found Letter I
100%
Alphabet Letter L
100%
Found Letter N
100%
Alphabet Letter R
100%
Found Letter S
100%
Found Letter T
100%
Alphabet Letter B
92%
Alphabet Letter D
92%
Alphabet Letter H
92%
Alphabet Letter M
92%
Found Letter O
92%
Found Letter W
92%
Correctly Placed Letter I
83%
Correctly Placed Letter N
83%
Alphabet Letter U
83%
Alphabet Letter J
75%
Found Letter K
75%
Alphabet Letter P
75%
Correctly Placed Letter T
75%
Alphabet Letter V
75%
Alphabet Letter F
67%
Correctly Placed Letter G
67%
Correctly Placed Letter K
67%
Mystery Capital Kingstown
67%
Correctly Placed Letter N
67%
Correctly Placed Letter O
67%
Alphabet Letter Q
67%
Correctly Placed Letter S
67%
Correctly Placed Letter W
67%
Alphabet Letter X
67%
Alphabet Letter Y
67%
Alphabet Letter Z
67%
No matching quizzes found
Score Distribution
Percent of People with Each Score
Percentile by Number Answered
Your Score History
You have not taken this quiz